Remesas, desarrollo regional y políticas de empleo en México /

El texto pretende analizar la naturaleza de las remesas como fuente de financiamiento para la creación de empleos en las zonas de origen de los migrantes en México hacia USA. En una primera parte se analiza el volumen y destino de las remesas y la forma en que son captadas a través del sistema banca...

Celý popis

Uloženo v:
Podrobná bibliografie
Hlavní autor: Maya, Claudia
Další autoři: Gil, Carol
Médium: Text
Témata:
Tagy: Přidat tag
Žádné tagy, Buďte první, kdo vytvoří štítek k tomuto záznamu!

MARC

LEADER 00000 a a2200000 04500
001 5389
003
040
100 |a Maya, Claudia  
245 |a Remesas, desarrollo regional y políticas de empleo en México /  |c Claudia Maya ; Carol Gil 
520 |a El texto pretende analizar la naturaleza de las remesas como fuente de financiamiento para la creación de empleos en las zonas de origen de los migrantes en México hacia USA. En una primera parte se analiza el volumen y destino de las remesas y la forma en que son captadas a través del sistema bancario, para posteriormente concluir con un análisis de viabilidad de un programa de empleo regional con la utlización de remesas para el desarrollo de las comunidades migrantes.  
650 |a 1.MIGRACION  
650 |a 2.REMESAS  
650 |a 3.EMPLEO  
650 |a 4.SISTEMA FINANCIERO  
650 |a 5.MEXICO  
700 |a Gil, Carol  
773 |g número 356; páginas 93-111  
999 |c 29986  |d 29986